000 00875nam a2200313 i 4500
001 298694
003 OSt
005 20140617103710.0
008 750418s1973 njua b 001 0 eng
010 _a 72013118
020 _a9814035025
040 _aDLC
_cDLC
_dDLC
050 0 0 _aGN 316
_b.Em53 1999
082 0 0 _aM 301
_bEm1 1999
100 1 _aEmber, Carol R.
245 1 0 _aAnthropology
_cEmber, Carol R.
250 _a9th ed.
260 _aEnglewood Cliffs, N.J.
_bPrentice-Hall
_cc1999
300 _axi, 411 p.
_bill.
_c24 cm.
500 _aIncludes index.
504 _aBibliography: p. 391-404.
526 _c1210L-1700L
562 _eFor circulation. 1 copy available in the collection
650 0 _aEthnology.
700 1 _aEmber, Melvin,
_ejoint author.
906 _a7
_bcbc
_corignew
_d2
_eocip
_f19
_gy-gencatlg
942 _2lcc
_cBK
999 _c15102
_d15102